00570cam a22002291 4500001001300000003000400013005001700017008004100034010001700075025001900092035002000111040002100131042001200152050001800164130003600182245004100218260001100259300001800270500001600288700001900304999001700323sa 65001251 DLC20260227112108.0940523s1962 ii 000 1 beno  asa 65001251  aPL480:EP-B-566 a(OCoLC)30484068 aDLCcCUdCUdDLC apremarc00aBP104.92b.R30 aQurʼan.kSelections.lBengali.10aKuraāna śarīpha āmapārā. c[1962] a32 p.c24 cm. aIn Bengali.1 aRahman, Abdur. c61983d61983